Southville International School and Colleges
Your cart is empty.
  • Cart
  • Lists
    Public lists Eva Luna New books Lux_list list_1
    Your lists Log in to create your own lists
  • Log in to your account
  • Your cookies
  • Search history
Southville International School and Colleges
  • Advanced search
  • Recent comments
  • Most popular
  • Libraries

Log in to your account

Log in with GOOGLE


If you do not have an external account, but do have a local account, you can still log in:

  1. Home
  2. MARC view: Classroom routines that really work for prek and kindergarten :
Normal view MARC view ISBD view

Classroom routines that really work for prek and kindergarten : (Record no. 105592)

[ view plain ]
MARC details
000 -LEADER
fixed length control field 00739nam a2200205 a 4500
005 - DATE AND TIME OF LATEST TRANSACTION
control field 20140412111408.0
008 - FIXED-LENGTH DATA ELEMENTS--GENERAL INFORMATION
fixed length control field 061208s19uu xx 00 eng d
020 ## - INTERNATIONAL STANDARD BOOK NUMBER
International Standard Book Number 0-590-02928-2
050 ## - LIBRARY OF CONGRESS CALL NUMBER
Classification number TR(GS 372.11
Item number H11 2001
100 ## - MAIN ENTRY--PERSONAL NAME
Personal name Hayes, Kathleen
245 ## - TITLE STATEMENT
Title Classroom routines that really work for prek and kindergarten :
Remainder of title A bank street teacher resource /
Statement of responsibility, etc Kathleen Hayes.
260 ## - PUBLICATION, DISTRIBUTION, ETC. (IMPRINT)
Place of publication, distribution, etc USA :
Name of publisher, distributor, etc Scholastic,
Date of publication, distribution, etc 2001.
300 ## - PHYSICAL DESCRIPTION
Extent 116
440 ## - SERIES STATEMENT/ADDED ENTRY--TITLE
Title Scholastic teaching strategies
500 ## - GENERAL NOTE
General note Prek - K
520 ## - SUMMARY, ETC.
Summary, etc Dozens of routines that set the stage for children's literacy and help them feel at home in the classroom.
650 ## - SUBJECT ADDED ENTRY--TOPICAL TERM
Topical term or geographic name as entry element Classroom management - handbooks,manual
700 ## - ADDED ENTRY--PERSONAL NAME
Personal name Creange, Renee'
Holdings
Withdrawn status Lost status Damaged status Use restrictions Home library Current library Shelving location Date acquired Source of acquisition Cost, normal purchase price Total Checkouts Full call number Barcode Date last seen Price effective from Koha item type
        Elizalde Library Elizalde Library Teachers Reference Section 12/08/2006   330.00   TR(GS 372.11 H11 2001 E10397 04/12/2014 04/12/2014 Books

Classroom routines that really work for prek and kindergarten :

APA

Hayes K., Creange R., . (2001). Classroom routines that really work for prek and kindergarten. USA: Scholastic.

Chicago

Hayes Kathleen, Creange Renee', . 2001. Classroom routines that really work for prek and kindergarten. USA: Scholastic.

Harvard

Hayes K., Creange R., . (2001). Classroom routines that really work for prek and kindergarten. USA: Scholastic.

MLA

Hayes Kathleen, Creange Renee', . Classroom routines that really work for prek and kindergarten. USA: Scholastic. 2001.

  • Place hold
  • Print
  • Cite
  • Add to your cart (remove)
  • Save record
    BIBTEX Dublin Core MARCXML MARC (non-Unicode/MARC-8) MARC (Unicode/UTF-8) MARC (Unicode/UTF-8, Standard) MODS (XML) RIS
  • More searches
    Search for this title in:
    Other Libraries (WorldCat) Other Databases (Google Scholar) Online Stores (Bookfinder.com) Open Library (openlibrary.org)

Exporting to Dublin Core...

SOUTHVILLE LIBRARY

Southville International School and Colleges Library

1281 Tropical Ave. Cor. Luxembourg St., BF Homes International, Las Pinas City

Tel. No. 8256374 / 252358 Loc. 117/146

Powered by Koha